000 00531nam a22001937a 4500
003 KOHA_MİRAKIL
005 20251125084721.0
008 251125b tu ||||| |||| 00| 0 tur d
020 _a9789750844584
040 _aTR-AnABB
_btur
_cTR-AnABB
041 _atur
082 _a813.42
_bZAI 2019
100 1 _aZaim, Derviş,
245 1 0 _aRüyet /
_cDerviş Zaim
260 _aİstanbul :
_bYapı Kredi Kültür Yayınları,
_c2019
300 _a262 sayfa ;
_c21 cm
650 0 4 _aTürk edebiyatı, roman
942 _2ddc
_cBK
999 _c9600
_d9600
900 _bGizem YORULMAZ